| 000 | 00951nas a2200289 4500 | ||
|---|---|---|---|
| 001 | BR9202814 | ||
| 003 | BR-BrBNA | ||
| 005 | 20231205092547.0 | ||
| 007 | ta | ||
| 008 | 230509b bl.|||p| |||| 00| 00por d | ||
| 040 |
_aBR-BrBNA _bpor _cBiblioteca Nacional de Agricultura |
||
| 041 | _a(Pt) | ||
| 072 | _aM12 | ||
| 100 | 1 | _aDias, T.C.R. | |
| 100 | 1 | _aCastagnolli, N. | |
| 100 | 1 | _aCyrino, J.E.P. | |
| 100 | 1 | _aPezzato, L.E. | |
| 245 | 1 | _aUso da farinha de visceras de aves como fonte proteica alternativa na alimentacao da carpa (Cyprinus carpio L.) | |
| 246 | 1 | _aPoultry by products meal as an alternative protein source in common carp (Cyprinus carpio L.)food | |
| 650 | _aCARPA | ||
| 650 | _aFARINHA DE VISCERA | ||
| 650 | _aPROTEINA | ||
| 650 | _aNUTRICAO ANIMAL | ||
| 773 | 0 |
_tCiencia Zootecnica. Jaboticabal (Brazil) _x _g(1991), v. 6(1) p. 17-19 _wBR9202814 |
|
| 909 |
_a202311 _bLúcia _c55 _dLúcia Elande |
||
| 942 |
_2AGRIS _n0 _cANA |
||
| 999 |
_c132517 _d132517 |
||